Un monstruo en el armario / (Registro nro. 8470)

Detalles MARC
000 -LIDER
fixed length control field 00540nam a22002057a 4500
003 - IDENTIFICACDOR DE NÚMERO DE CONTROL
control field DO-SdBNP
005 - DATE AND TIME OF LATEST TRANSACTION
control field 20180220133836.0
008 - ELEMENTOS DE LONGITUD FIJA
fixed length control field 151027b 1993 sp||||| |||| 00| 0 spa d
020 ## - ISBN
International Standard Book Number 8434833670
040 ## - FUENTE DE CATALOGACIÓN
Agencia que crea de manera original el registro BPMSU
Idioma de catalogación spa
Agencia que realiza la transcripción BPMSU
100 ## - ASIENTO PRINCIPAL -- NOMBRE PERSONAL
Nombre personal Vázquez-Vigo, Carmen
245 ## - MENCIÓN DE TITULO
Título Un monstruo en el armario /
Subtítulo Carmen Vázquez-Vigo
250 ## - MENCIÓN DE EDICION
Mención de edición 5ta ed.
260 ## - PUBLICACIÓN, DISTRIBUCIÓN, ETC. (PIE DE IMPRENTA)
Lugar de publicación, distribución, etc Madrid :
Nombre del editor, distribuidor, etc. SM
Fecha de publicación, distribución, etc 1993
300 ## - DESCRIPCIÓN FÍSICA
Extensión 105 p. :
Otros detalles físicos il.
Medida de la unidad 20 cm
490 ## - MENCIÓN DE SERIES
Mención de serie SM ; no.
942 ## - ADDED ENTRY ELEMENTS (KOHA)
Source of classification or shelving scheme Dewey Decimal Classification
Koha item type Libros
945 ## - INFORMACIÓN DE PROCESAMIENTO LOCAL
Información de procesamiento local Inventariado, 2018 / BT
956 ## - LOCAL ELECTRONIC LOCATION AND ACCESS (OCLC)
Nombre de host daysi garcia
Existencias
Withdrawn status Lost status Source of classification or shelving scheme Damaged status Not for loan Collection code Home library Current library Date acquired Source of acquisition Total Checkouts Barcode Date last seen Price effective from Koha item type
    Dewey Decimal Classification     Colección Infantil General Biblioteca Pública Metropolitana Salomé Ureña Biblioteca Pública Metropolitana Salomé Ureña 02/20/2018 Agencia de Cooperación Internacional del Japón   BPMSU18020203 02/20/2018 02/20/2018 Libros